000 00279nam a2200109Ia 4500
008 200302s9999 xx 000 0 und d
100 _aAghayer and other
245 _aReinforced concrete design eighth edition
260 _bPerson Education Inc.
260 _c2014
300 _a302
999 _c6508
_d6508